Wird geladen...

Ego efficacy /

Bibliographische Detailangaben
1. Verfasser: Gabriel, Hw
Sprache:Undetermined
Veröffentlicht: 1965
LEADER 00337nam a2200121Ia 4500
001 80701
008 170722s9999 xx 000 0 und d
100 |a Gabriel, Hw 
245 |a Ego efficacy / 
260 |c 1965 
942 |c GEN 
999 |c 1026  |d 1026 
952 |0 0  |1 0  |4 0  |6 S_7_K5  |7 0  |8 LC1  |9 1168  |a LIB  |b LIB  |d 2017-08-12  |o S:7 K5  |p 105701  |r 2017-08-12  |w 2017-08-12  |y GEN